00513nam a2200169Ia 4500003000500000005001700005008004100022020002900063040003700092050001700129082001700146245004900163260003400212300004900246500003700295521001100332322820220308114756.0210817s9999 xx 000 0 und d a9781780200484qHardcover aWorldcatbEnglishcWorldcateRDA a004.16bHOWT a004.16bHOWT 0aHow to do just about anything on a computer  aLondonbReader's Digestc2000 a382 pagesbColour illustrations c22 x 26 cm aIncludes a glossary and an index aAdults